Terraforming Mars Project Cards - Statistics

General Stats
  • This quiz has been taken 10 times
  • The average score is 37 of 317
Answer Stats
Hint Answer % Correct
Building City Noctis City
63%
Microbe Ants
50%
Space Event Deimos Down
50%
Animal Fish
50%
Animal Earth Pets
50%
Space City Phobos Space Haven
50%
Building Science Physics Complex
50%
Animal Predators
50%
Science Science Research
50%
Space Soletta
50%
Space Event Asteroid
38%
Space Event Big Asteroid
38%
Animal Birds
38%
Building City Capital
38%
Jovian Space City Ganymede Colony
38%
Building Plant Greenhouses
38%
Building City Immigrant City
38%
Plant Kelp Farming
38%
Space Earth Event Large Convoy
38%
Event Lava Flows
38%
Plant Mangrove
38%
Building Martian Rails
38%
Building Mine
38%
Building Mining Rights
38%
Building City Open City
38%
None Protected Habitats
38%
Building Plant Protected Valley
38%
Science Search For Life
38%
Microbe Tardigrades
38%
Plant Microbe Animal Advanced Ecosystems
25%
Building Science AI Central
25%
Science Anti-Gravity Technology
25%
Jovian Space Asteroid Mining
25%
None Black Polar Dust
25%
Science Breathing Filters
25%
Plant Bushes
25%
Earth Event Business Contacts
25%
Earth Cartel
25%
Event CEO's Favourite Project
25%
None Cloud Seeding
25%
Space Event Comet
25%
Building City Cupola City
25%
Microbe Decomposers
25%
Building City Domed Crater
25%
Earth Earth Catapult
25%
Power Energy Tapping
25%
Plant Farming
25%
Event Flooding
25%
Building Science Power Fusion Power
25%
Space Event Giant Ice Asteroid
25%
Space Power Giant Space Mirror
25%
Plant Grass
25%
Plant Heather
25%
Animal Herbivores
25%
Space Event Ice Asteroid
25%
Space Earth Event Imported Hydrogen
25%
Space Earth Event Imported Nitrogen
25%
Event Indentured Workers
25%
Microbe Insects
25%
Jovian Space Io Mining Industries
25%
Building Ironworks
25%
Event Land Claim
25%
Building City Lava Tube Settlement
25%
Animal Livestock
25%
Event Local Heat Trapping
25%
Building Science Mars University
25%
Building Mohole Area
25%
Plant Moss
25%
Building Plant Noctis Farming
25%
Building Science Earth Olympus Conference
25%
Animal Penguins
25%
Building Power Power Plant
25%
Science Restricted Area
25%
Space Satellites
25%
Animal Small Animals
25%
Building Power Solar Power
25%
Space Power Space Mirrors
25%
Building Steelworks
25%
Venus City Stratopolis
25%
Building Strip Mine
25%
Building Titanium Mine
25%
Plant Trees
25%
Building City Underground City
25%
Venus Science Animal Venusian Animals
25%
Microbe Event Virus
25%
Jovian Space Water Import From Europa
25%
Earth Acquired Company
13%
Plant Adapted Lichen
13%
Science Advanced Alloys
13%
Plant Algae
13%
Plant Arctic Algae
13%
Building Artificial Lake
13%
Jovian Asteroid Mining Consortium
13%
Jovian Space Beam From a Thorium Asteroid
13%
Earth Event Bribed Committee
13%
Earth Business Network
13%
Jovian Space Callisto Penal Mines
13%
Building Commercial District
13%
Space Event Convoy From Europa
13%
Building City Corporate Stronghold
13%
Space City Dawn City
13%
Science Microbe Designed Microorganisms
13%
Venus Dirigibles
13%
Space Earth Earth Elevator
13%
Building Electro Catapult
13%
Power Energy Saving
13%
Microbe Extreme-Cold Fungus
13%
Venus Microbe Extremophiles
13%
Venus Floating Habs
13%
Building Fuel Factory
13%
Building Power Geothermal Power
13%
Building GHG Factories
13%
Building Power Great Dam
13%
None Great Escarpment Consortium
13%
Building City Gyropolis
13%
None Hackers
13%
Space Earth Immigration Shuttles
13%
Space Earth Event Imported GHG
13%
Building Microbe Industrial Microbes
13%
None Insulation
13%
Science Event Invention Contest
13%
Science Inventors' Guild
13%
Jovian Jovian Lanterns
13%
Plant Lichen
13%
None Luxury Foods
13%
Building Animal Martian Zoo
13%
Venus City Maxwell Base
13%
Building Science Medical Lab
13%
None Micro-Mills
13%
Building Mining Area
13%
Jovian Space Miranda Resort
13%
Building Science Natural Preserve
13%
Microbe Nitrite Reducing Bacteria
13%
Building Power Nuclear Power
13%
Earth Nuclear Zone
13%
Event Permafrost extraction
13%
Plant Plantation
13%
Power Power Grid
13%
Microbe Psychrophiles
13%
Science Power Quantum Extractor
13%
Science Microbe Regolith Eaters
13%
Event Release of Inert Gases
13%
Building Science City Research Outpost
13%
Science Robotic Workforce
13%
None Sabotage
13%
Space Security Fleet
13%
Space Shuttles
13%
Space Event Small Asteroid
13%
Building Soil Factory
13%
Space Science Power Solar Wind Power
13%
Building Space Space Elevator
13%
Space Earth Space Hotels
13%
Earth Sponsors
13%
Science Standard Technology
13%
Jovian Space Terraforming Ganymede
13%
Venus Microbe Thermophiles
13%
Space Toll Station
13%
Space Event Towing a Comet
13%
Space Trading Colony
13%
Space Science Trans-Neptune Probe
13%
Building City Urbanized Area
13%
Venus Venus Venus Governor
13%
Venus Microbe Venusian Insects
13%
Venus Plant Venusian Plants
13%
Science Microbe Viral Enhancers
13%
Building Water Splitting Plant
13%
Power Wave Power
13%
None Zeppelins
13%
Science Adaptation Technology
0%
Venus Aerial Mappers
0%
Space Event Aerobraked Ammonia Asteroid
0%
Event Aerosport Tournament
0%
None Airliners
0%
Event Air Raid
0%
Venus Event Air-Scrapping Expedition
0%
Building Aquifer Pumping
0%
Microbe Archaebacteria
0%
Science Artificial Photosynthesis
0%
Venus Science Atalanta Planitia Lab
0%
None Atmo Collectors
0%
Jovian Space Atmoscoop
0%
Building Power Biomass Combustors
0%
Building Building Industries
0%
Building Carbonate Processing
0%
None Caretaker Contract
0%
Jovian Building Colonizer Training Camp
0%
Space Event Comet for Venus
0%
None Community Services
0%
Earth Event Conscription
0%
Space Power Corona Extractor
0%
Venus Corroder Suits
0%
Science Cryo-Sleep
0%
Building Power Deep Well Heating
0%
Venus Space Power Deuterium Export
0%
Building Science Development Center
0%
None Dust Seals
0%
Earth Earth Office
0%
Plant Animal Ecological Zone
0%
Science Plant Microbe Animal Ecology Research
0%
Building Plant Eos Chasma National Park
0%
Building Equatorial Magnetizer
0%
Venus Extractor Balloons
0%
None Floater Leasing
0%
Science Event Floater Prototypes
0%
Science Floater Technology
0%
Building Food Factory
0%
Venus Forced Precipitation
0%
Venus Plant Freyja Biodomes
0%
Building Power Fueled Generators
0%
Space Gaillean Waystation
0%
Science Gene Repair
0%
Venus Space Event GHG Import from Venus
0%
Science Microbe GHG Producing Bacteria
0%
Venus Space Giant Solar Shade
0%
Building Power Heat Trappers
0%
Earth Heavy Taxation
0%
Event Hired Raiders
0%
Building House Printing
0%
Space Event Hydrogen to Venus
0%
Event Ice cap Melting
0%
Space Ice Moon Colony
0%
Space Event Impactor Swarm
0%
Space Earth Event Import of Advanced GHG
0%
Building Industrial Center
0%
Space Earth Event Interplanetary Colony Ship
0%
Space Earth Event Interstellar Colony Ship
0%
Earth Event Investment Loan
0%
Jovian Science Io Sulphur Research
0%
Venus Event Ishtar Mining
0%
Venus Jet Stream Microscrappers
0%
Jovian Jupiter Floating Station
0%
Space Science Lagrange Observatory
0%
None Lake Marineris
0%
Power Lightning Harvest
0%
Venus Local Shading
0%
Earth Earth Luna Governor
0%
Space Earth City Luna Metropolis
0%
Power Earth Lunar Beam
0%
Space Earth Lunar Exports
0%
Earth Lunar Mining
0%
Building Magnetic Field Dome
0%
Building Magnetic Field Generators
0%
Earth Event Market Manipulation
0%
Science Event Martian Survey
0%
Science Power Mass Converter
0%
Earth Media Archives
0%
Earth Media Group
0%
Jovian Space Methane From Titan
0%
Event Mineral Deposit
0%
Space Mining Colony
0%
Event Mining Expedition
0%
Building Mining Quota
0%
Space Minority Refuge
0%
Science Molecular Printing
0%
Venus Neutralizer Factory
0%
Jovian Space Nitrogen from Titan
0%
Space Event Nitrogen-Rich Asteroid
0%
Plant Nitrophilic Moss
0%
Building Omnicourt
0%
Space Optimal Aerobraking
0%
Venus Space Orbital Reflectors
0%
Building Ore Processor
0%
Building Power Peroxide Power
0%
Space Pioneer Settlement
0%
Building Power Power Infrastructure
0%
Power Power Supply Consortium
0%
None Productive Outpost
0%
None Quantum Communications
0%
Building Rad-Chem Factory
0%
None Rad-Suits
0%
Jovian Science Red Spot Observatory
0%
Earth Refugee Camps
0%
Space Science Research Colony
0%
Wild Research Coordination
0%
Space Rim Freighters
0%
Space Rotator Impacts
0%
Building Rover Construction
0%
None Self-Replicating Robots
0%
Building SF Memorial
0%
Venus Earth Sister Planet Support
0%
Space Earth Sky Docks
0%
Plant Snow Algae
0%
None Solarnet
0%
Space Science Event Solar Probe
0%
Space Solar Reflectors
0%
Building City Space Port
0%
Space Space Port Colony
0%
Space Space Station
0%
Science Event Special Design
0%
Space Event Spin-Inducing Asteroid
0%
Building Spin-Off Department
0%
Science Earth Sponsored Academies
0%
Venus Animal Stratospheric Birds
0%
Event Subterranean Reservoir
0%
Animal Sub-Zero Salt Fish
0%
Venus Microbe Sulphur-Eating Bacteria
0%
Venus Space Sulphur Exports
0%
Microbe Symbiotic Fungus
0%
Space Science Event Technology Demonstration
0%
Building Power Tectonic Stress Power
0%
Earth Terraforming Contract
0%
Jovian Titan Air-Scrapping
0%
Jovian Titan Floating Launch-Pad
0%
Jovian Space Titan Shuttles
0%
None Trade Envoys
0%
Building Tropical Resort
0%
Plant Tundra Farming
0%
Building Underground Detonations
0%
Microbe Urban Decomposers
0%
Venus Venus Magnetizer
0%
Venus Plant Venus Soil
0%
Venus Space Venus Waystation
0%
Jovian Space Vesta Shipyard
0%
Science Warp Drive
0%
Space Event Water to Venus
0%
Building Power Windmills
0%
Microbe Worms
0%
No matching quizzes found
Score Distribution
Percent of People with Each Score
Percentile by Number Answered
Your Score History
You have not taken this quiz